Central Library OPAC University of Rajshahi

Trade performance and regional integration of the CIS countries / (Record no. 60679)

MARC details
000 -LEADER
fixed length control field 01096nam a2200313 a 4500
001 - CONTROL NUMBER
control field 60679
003 - CONTROL NUMBER IDENTIFIER
rucl marc code BD-RjUL
005 - DATE AND TIME OF LATEST TRANSACTION
control field 20211209080854.0
008 - FIXED-LENGTH DATA ELEMENTS--GENERAL INFORMATION
fixed length control field 170102s2004 dcua b 000 0 eng d
020 ## - INTERNATIONAL STANDARD BOOK NUMBER
International Standard Book Number 0821358960
International Standard Book Number 0821358979
035 ## - SYSTEM CONTROL NUMBER
System control number (BD-RjUL)60803
040 ## - CATALOGING SOURCE
Original cataloging agency DLC
Transcribing agency DLC
Modifying agency DLC
Language of cataloging eng
041 ## - LANGUAGE CODE
Language code of text/sound track or separate title eng
082 00 - DEWEY DECIMAL CLASSIFICATION NUMBER
Classification number 337.14
Edition number 23
Author mark and year FRT 2004
100 1# - MAIN ENTRY--PERSONAL NAME
Personal name Freinkman, Lev M.
9 (RLIN) 180762
245 10 - TITLE STATEMENT
Title Trade performance and regional integration of the CIS countries /
Statement of responsibility, etc. Lev Freinkman, Evgeny Polyakov, Carolina Revenco.
260 ## - PUBLICATION, DISTRIBUTION, ETC. (IMPRINT)
Place of publication, distribution, etc. Washington, DC :
Name of publisher, distributor, etc. World Bank,
Date of publication, distribution, etc. 2004.
300 ## - PHYSICAL DESCRIPTION
Pagination ix, 69 p :
Illustrations ill. ;
Size 26 cm.
504 ## - BIBLIOGRAPHY, ETC. NOTE
Bibliography, etc Includes bibliographical references (p. 67-69).
651 #0 - SUBJECT ADDED ENTRY--GEOGRAPHIC NAME
Geographic name Former Soviet republics
General subdivision Commerce.
9 (RLIN) 180764
Geographic name Former Soviet republics
General subdivision Commercial policy.
9 (RLIN) 180765
Geographic name Former Soviet republics
General subdivision Economic integration.
9 (RLIN) 180766
700 1# - ADDED ENTRY--PERSONAL NAME
Personal name Polyakov, Evgeny.
Personal name Revenco, Carolina,
Dates associated with a name 1974-
942 ## - ADDED ENTRY ELEMENTS (KOHA)
Source of classification or shelving scheme Dewey Decimal Classification
Koha item type Books
Holdings
Lost status Source of classification or shelving scheme Damaged status Not for loan Collection code Permanent Location Current Location Shelving location Date acquired Source of acquisition Total Checkouts Full call number Date last seen Copy number Koha item type
  Dewey Decimal Classification   Not For Loan Non-fiction Central Library, University of Rajshahi Central Library, University of Rajshahi Reading Room 22/04/2007 Tappan co.   337.14 FRT 2004 02/01/2017 C-1 Books